01168ntm a22003377a 450000500170000000800410001702000180005804100080007608200200008410000180010424500980012226000130022026000190023326000090025230000180026165000340027965000330031365000240034665000470037065000400041765000480045765000460050565000260055165000240057765000260060165000130062765000270064065000400066765000680070765000550077520250606114538.0170403b2018 xxu||||| |||| 00| 0 spa d a9789587716580 aspa a658.403.8 M358d aMarr, Bernard aData Strategy: Cómo beneficiarse de un mundo de Big Data, Analytics e Internet de las Cosas aColombia bECOE Ediciones c2018 a184 páginas aGESTIÓN DE LA INFORMACIÓN aREVOLUCIÓN DE LOS NEGOCIOS aESTRATEGIA DE DATOS aUTILIZAR DATOS PARA LA TOMA DE DECISIONES  aTRANSFORMACIÓN DE DATOS EN DINERO aVENDER DATOS A CLIENTES O TERCERAS PERSONAS aSISTEMAS DE INFORMACIÓN EN LOS NEGOCIOS aNEGOCIOS POR INTERNET aESTRATEGIA DE DATOS aINTERNET DE LAS COSAS aBIG DATA aBIG DATA COMO SERVICIO aANÁLISIS Y PROCESAMIENTO DE DATOS aHABILIDADES ESENCIALES RELACIONADAS CON LA CIENCIA DE LOS DATOS aFORMACIÓN Y MEJORA DE COMPETENCIAS DEL PERSONAL